000 00502nam a2200145Ia 4500
041 _aArabic
082 _a346 cut-299 ك
100 _a20260118u\\\\\\\\\\\y0engy0103\\\\ba
100 _aد.کاوه محمود
245 0 _aبەرەو قانونێکى بارى کەسێتى لەسەر بنەماى مەدەنى وهاوڵاتیبوونى کوردستانى
250 _aط1
260 _bچاپخانەیى ئازادى
_aالسليمانية - العراق
_c2017
300 _a213
942 _cBk
999 _c188607
_d188607